[Event "CYCC U16"]
[Site "Hamilton CAN"]
[Date "2022.07.08"]
[Round "2.26"]
[White "Lu, Eddie"]
[Black "Tuladhar, Jude"]
[Result "1-0"]
[WhiteElo "1739"]
[BlackElo "1055"]
[PlyCount "71"]
[EventDate "2022.07.08"]
[EventType "swiss"]
[EventRounds "7"]
[EventCountry "CAN"]

1. d4 d5 2. Nc3 Nf6 3. Bf4 e6 4. Nb5 Bd6 5. Nxd6+ cxd6 6. e3 O-O 7. c3 Re8 8.
Nf3 Nc6 9. Bb5 Re7 10. Bg5 Rc7 11. Be2 b6 12. O-O Bb7 13. Bh4 Rac8 14. Nd2 Kf8
15. Nf3 Ne7 16. Bxf6 gxf6 17. Qc2 Kg7 18. a4 e5 19. a5 bxa5 20. Qa4 e4 21. Nd2
f5 22. Qxa5 Bc6 23. f4 Rd7 24. Qxd8 Rcxd8 25. Ra2 Rb8 26. Rfa1 Nc8 27. b3 Kf6
28. Kf2 Bb5 29. c4 Bc6 30. h3 Rd8 31. Ra6 Rb6 32. R6a2 h6 33. Rc2 Ke6 34. Ra5
Rg8 35. cxd5+ Bxd5 36. Rxd5 1-0

[Event "CYCC U16"]
[Site "Hamilton CAN"]
[Date "2022.07.08"]
[Round "2.27"]
[White "Sun, Michael"]
[Black "Zhang, Raymond Tangning"]
[Result "0-1"]
[WhiteElo "1043"]
[BlackElo "1682"]
[PlyCount "92"]
[EventDate "2022.07.08"]
[EventType "swiss"]
[EventRounds "7"]
[EventCountry "CAN"]

1. d4 e6 2. Bf4 Nf6 3. e3 c5 4. c3 d5 5. Bd3 Bd6 6. Bg3 Qc7 7. Nf3 Nbd7 8. Nbd2
e5 9. Nxe5 Nxe5 10. dxe5 Bxe5 11. Qe2 O-O 12. Nf3 Bxg3 13. hxg3 Ne4 14. Nd2 f5
15. O-O-O a6 16. c4 b5 17. cxd5 Nd6 18. Nf3 c4 19. Bc2 c3 20. b3 Qc5 21. Rdg1
Qa3+ 22. Kd1 Qxa2 23. Ke1 Qa1+ 24. Qd1 Qxd1+ 25. Kxd1 Bb7 26. Ke2 Ne4 27. Bxe4
fxe4 28. Ng5 h6 29. Nxe4 Bxd5 30. Nxc3 Bxb3 31. f4 Rac8 32. Rc1 Rc7 33. Rh5 b4
34. Ra5 Rxc3 35. Rxc3 bxc3 36. Ra3 Rc8 37. Ra1 a5 38. Kd3 c2 39. Kd2 c1=Q+ 40.
Rxc1 Rxc1 41. Kxc1 a4 42. Kb2 Kf7 43. g4 Ke6 44. e4 g5 45. g3 Kd6 46. Ka3 Bd1
0-1

[Event "CYCC U16"]
[Site "Hamilton CAN"]
[Date "2022.07.08"]
[Round "2.28"]
[White "Gaisinsky, Jacob"]
[Black "Trudeau, Charlie"]
[Result "1-0"]
[WhiteElo "1568"]
[BlackElo "926"]
[PlyCount "85"]
[EventDate "2022.07.08"]
[EventType "swiss"]
[EventRounds "7"]
[EventCountry "CAN"]

1. e4 d6 2. d4 Nf6 3. Nc3 g6 4. Nf3 Bg7 5. Bg5 O-O 6. Qd2 c6 7. O-O-O b5 8. Qf4
Ng4 9. Qg3 h6 10. Bf4 b4 11. Nb1 Nf6 12. Bd3 Nh5 13. Qh4 Bf6 14. Bg5 hxg5 15.
Nxg5 Bxg5+ 16. Qxg5 Kg7 17. g4 Nf6 18. e5 Nxg4 19. Rhg1 e6 20. Qxg4 Qe8 21. h4
f5 22. exf6+ Rxf6 23. h5 e5 24. Qg2 Bf5 25. Bxf5 Rxf5 26. Qxg6+ Qxg6 27. Rxg6+
Kh7 28. Rxd6 exd4 29. Rd8 Rxf2 30. Rh1 a5 31. Nd2 Rg2 32. Ne4 Kh6 33. Nf6 Rg7
34. Rf8 a4 35. Rf1 b3 36. a3 bxc2 37. Rf5 Rg1+ 38. Kxc2 Rg2+ 39. Kb1 Rg1+ 40.
Ka2 Rh1 41. Rg8 Ra1+ 42. Kxa1 d3 43. Rg6# 1-0

[Event "CYCC U16"]
[Site "Hamilton CAN"]
[Date "2022.07.08"]
[Round "2.29"]
[White "Zhang, William"]
[Black "Cowan, Ryan"]
[Result "0-1"]
[WhiteElo "678"]
[BlackElo "1494"]
[PlyCount "114"]
[EventDate "2022.07.08"]
[EventType "swiss"]
[EventRounds "7"]
[EventCountry "CAN"]

1. e4 e5 2. Nc3 Nf6 3. f4 d5 4. fxe5 Nxe4 5. Qf3 Nxc3 6. bxc3 c5 7. d4 Nc6 8.
Bb5 Qb6 9. Bxc6+ bxc6 10. Ne2 Be7 11. O-O O-O 12. Qg3 Kh8 13. Bg5 Bxg5 14. Qxg5
Ba6 15. Rab1 Qa5 16. Qg4 Bxe2 17. Qxe2 Qxc3 18. Rfd1 cxd4 19. Rd3 Qc4 20. Qf2
Qxa2 21. Rbd1 c5 22. c3 Qxf2+ 23. Kxf2 a5 24. cxd4 c4 25. Ra3 Rfb8 26. Rda1
Rb2+ 27. Ke1 Rb5 28. Kd2 Kg8 29. g4 g5 30. Kc3 Kg7 31. Ra4 f6 32. Rf1 Ra6 33.
Rf5 Kg6 34. exf6 Rxf6 35. Re5 Rf3+ 36. Kd2 Rd3+ 37. Kc2 Rxd4 38. h3 Rd3 39.
Re6+ Kf7 40. Ra6 Rxh3 41. R4xa5 Rxa5 42. Rxa5 Ke6 43. Ra8 Ke5 44. Rf8 Ke4 45.
Rf5 h6 46. Rf2 d4 47. Rf5 Rg3 48. Rf6 Rxg4 49. Rxh6 Rg2+ 50. Kd1 Kd3 51. Rh3+
Ke4 52. Rh1 c3 53. Kc1 d3 54. Re1+ Kd4 55. Rd1 d2+ 56. Kc2 Re2 57. Rf1 Re1 0-1

[Event "CYCC U16"]
[Site "Hamilton CAN"]
[Date "2022.07.09"]
[Round "3.3"]
[White "Bui, Alan"]
[Black "Huang, Youhe"]
[Result "0-1"]
[WhiteElo "2097"]
[BlackElo "2237"]
[PlyCount "118"]
[EventDate "2022.07.08"]
[EventType "swiss"]
[EventRounds "7"]
[EventCountry "CAN"]

1. d4 d5 2. Nf3 Nf6 3. Bf4 c5 4. e3 Nc6 5. Nbd2 cxd4 6. exd4 Bf5 7. c3 e6 8.
Qb3 Qc8 9. Ne5 Be7 10. Bb5 O-O 11. Bxc6 bxc6 12. Qa4 c5 13. Nc6 Qd7 14. Nxe7+
Qxe7 15. Qa3 Nh5 16. Be3 Qb7 17. dxc5 d4 18. cxd4 Qxg2 19. O-O-O Nf6 20. Qa4
Rab8 21. b3 Nd5 22. Rdg1 Qh3 23. a3 Bg6 24. Rg3 Qf5 25. Qc4 Nb6 26. Qc3 Nd5 27.
Qc4 Nb6 28. Qc3 Nd5 29. Qb2 e5 30. Nc4 Nf4 31. Bxf4 Qxf4+ 32. Qd2 Qe4 33. Qd1
exd4 34. Kb2 Qd5 35. Ka2 Qxc5 36. Qd2 Rfe8 37. Re1 f6 38. Qf4 Rxe1 39. Qxb8+
Re8 40. Qf4 Re2+ 41. Ka1 Qd5 42. Rg1 d3 43. Rd1 Qb5 44. b4 Qa4 45. Rd2 Re4 46.
Qb8+ Re8 47. Qd6 Qb3 48. Ne3 Qc3+ 49. Rb2 Qc1+ 50. Ka2 Bf7+ 51. Nd5 Qc4+ 52.
Ka1 Re1+ 53. Rb1 Qd4+ 54. Ka2 Bxd5+ 55. Qxd5+ Qxd5+ 56. Rb3 Ra1+ 57. Kb2 Rb1+
58. Kxb1 Qxb3+ 59. Kc1 Qc2# 0-1

[Event "CYCC U16"]
[Site "Hamilton CAN"]
[Date "2022.07.09"]
[Round "3.4"]
[White "Liu, Henry"]
[Black "Xu, Daniel"]
[Result "0-1"]
[WhiteElo "2128"]
[BlackElo "2051"]
[PlyCount "74"]
[EventDate "2022.07.08"]
[EventType "swiss"]
[EventRounds "7"]
[EventCountry "CAN"]

1. d4 Nf6 2. Bf4 g6 3. Nc3 d5 4. e3 Bg7 5. h4 c5 6. Nf3 O-O 7. h5 Nxh5 8. Bh2
Nc6 9. Be2 Bg4 10. Ne5 Bxe2 11. Nxe2 Nf6 12. O-O Qb6 13. Rb1 Rfd8 14. c3 Rac8
15. Nd3 Nd7 16. Nef4 e6 17. Qf3 c4 18. Nc1 Nf6 19. Rd1 Ne4 20. Nce2 Qa6 21. Ra1
b5 22. Ng3 f5 23. Nxe6 Ne5 24. dxe5 Qxe6 25. Ne2 Bxe5 26. Bxe5 Qxe5 27. Nd4 Qe8
28. g4 fxg4 29. Qxg4 Nc5 30. Kg2 a6 31. b3 Qe5 32. bxc4 bxc4 33. Rab1 Rf8 34.
Nf3 Qe4 35. Qxe4 Nxe4 36. Rb6 Rf5 37. Rxa6 Rcf8 0-1

[Event "CYCC U16"]
[Site "Hamilton CAN"]
[Date "2022.07.09"]
[Round "3.17"]
[White "Windram, James"]
[Black "Batorshyn, Ilia"]
[Result "1/2-1/2"]
[WhiteElo "2149"]
[BlackElo "2063"]
[PlyCount "97"]
[EventDate "2022.07.08"]
[EventType "swiss"]
[EventRounds "7"]
[EventCountry "CAN"]

1. e4 c6 2. d4 d5 3. e5 Bf5 4. Nf3 e6 5. Be2 Nd7 6. O-O c5 7. c4 Bxb1 8. Rxb1
dxc4 9. d5 exd5 10. Qxd5 Nb6 11. Qxb7 Ne7 12. Bxc4 Nxc4 13. Qb5+ Qd7 14. Qxc4
Qd5 15. Qa4+ Qc6 16. Qxc6+ Nxc6 17. Rd1 Be7 18. Bd2 O-O 19. Bc3 a5 20. Nd2 Rfd8
21. Nc4 a4 22. a3 Rab8 23. Kf1 Kf8 24. Ke1 Nd4 25. f3 f6 26. Kf2 Kf7 27. Re1 h6
28. Rbd1 f5 29. Rd3 Ke6 30. Red1 g5 31. g3 Kd5 32. Na5 Ke6 33. Kg2 Rb5 34. Nc4
Rb3 35. Bxd4 Rxd3 36. Rxd3 cxd4 37. f4 Bc5 38. Kf3 g4+ 39. Ke2 h5 40. b4 axb3
41. Rxb3 Kd5 42. Nd2 Ra8 43. Kd3 Bxa3 44. Rb7 Bc5 45. Nb3 Kc6 46. Nxc5 Kxc5 47.
Rc7+ Kd5 48. Rd7+ Kc5 49. Rc7+ 1/2-1/2

[Event "CYCC U16"]
[Site "Hamilton CAN"]
[Date "2022.07.09"]
[Round "3.18"]
[White "Issani, Nameer"]
[Black "Chen, Richard"]
[Result "1-0"]
[WhiteElo "2252"]
[BlackElo "1977"]
[PlyCount "97"]
[EventDate "2022.07.08"]
[EventType "swiss"]
[EventRounds "7"]
[EventCountry "CAN"]

1. d4 Nf6 2. c4 g6 3. Nc3 Bg7 4. e4 d6 5. Nf3 O-O 6. Be2 c5 7. O-O cxd4 8. Nxd4
Nc6 9. Be3 Bd7 10. f3 a6 11. Qd2 Rc8 12. Rfd1 Nxd4 13. Bxd4 Be6 14. b3 Nd7 15.
Bxg7 Kxg7 16. f4 Qb6+ 17. Kh1 Qa5 18. g4 f6 19. Rac1 Bf7 20. Qd4 Qc5 21. Qd3 g5
22. Rf1 Bg6 23. Nd5 e6 24. Ne7 Rcd8 25. Nxg6 hxg6 26. Rcd1 gxf4 27. Qxd6 Qxd6
28. Rxd6 Nc5 29. Rfd1 Rxd6 30. Rxd6 e5 31. Bd3 a5 32. Rd5 b6 33. Bc2 Rf7 34.
Kg2 Rd7 35. h4 Kf7 36. Kf3 Ke6 37. a3 Na6 38. h5 gxh5 39. gxh5 Rxd5 40. exd5+
Kf7 41. h6 Nc5 42. h7 Kg7 43. d6 Nb7 44. d7 Nd8 45. b4 axb4 46. axb4 Nf7 47. c5
bxc5 48. bxc5 Kf8 49. h8=Q+ 1-0

[Event "CYCC U16"]
[Site "Hamilton CAN"]
[Date "2022.07.09"]
[Round "3.19"]
[White "Joseph Benher, Savio"]
[Black "Ajith, Aayush"]
[Result "1-0"]
[WhiteElo "2207"]
[BlackElo "2122"]
[PlyCount "67"]
[EventDate "2022.07.08"]
[EventType "swiss"]
[EventRounds "7"]
[EventCountry "CAN"]

1. e4 c5 2. Nf3 d6 3. d4 cxd4 4. Nxd4 Nf6 5. Nc3 a6 6. Be3 e5 7. Nb3 Be6 8. Qd2
Nbd7 9. f4 Qc7 10. f5 Bc4 11. O-O-O Be7 12. Kb1 h5 13. Rg1 b5 14. a3 Rb8 15. h3
a5 16. g4 hxg4 17. hxg4 b4 18. axb4 axb4 19. Nd5 Nxd5 20. exd5 Bxf1 21. Rdxf1
Nb6 22. Rh1 Rxh1 23. Rxh1 Nc4 24. Qd3 Nxe3 25. Qxe3 Kd7 26. Rh7 Rc8 27. Qd3 Bf8
28. f6 Qb8 29. fxg7 Be7 30. Qf5+ Kc7 31. Qxf7 Re8 32. g8=Q Rxg8 33. Qxe7+ Kb6
34. Qd7 1-0

[Event "CYCC U16"]
[Site "Hamilton CAN"]
[Date "2022.07.09"]
[Round "3.20"]
[White "Wu, Benjamin"]
[Black "Noor Ali, Aahil"]
[Result "1-0"]
[WhiteElo "1870"]
[BlackElo "2025"]
[PlyCount "119"]
[EventDate "2022.07.08"]
[EventType "swiss"]
[EventRounds "7"]
[EventCountry "CAN"]

1. e4 e5 2. Nf3 Nc6 3. Bb5 a6 4. Ba4 Nf6 5. O-O Be7 6. Re1 b5 7. Bb3 d6 8. c3
O-O 9. h3 Na5 10. Bc2 c5 11. d4 cxd4 12. cxd4 Nc6 13. Nbd2 Bb7 14. Nf1 Nxd4 15.
Nxd4 exd4 16. Qxd4 Rc8 17. Bb3 Nd7 18. Bf4 Nc5 19. Bd5 Bf6 20. Qd2 Bxd5 21.
exd5 Qd7 22. Ne3 g6 23. Ng4 Bg7 24. f3 h5 25. Nf2 Rfe8 26. Ne4 Nxe4 27. Rxe4
Rxe4 28. fxe4 Rc4 29. Re1 Rd4 30. Qc2 Rc4 31. Qd2 Qe7 32. e5 dxe5 33. d6 Qa7+
34. Kh2 Rd4 35. Qe3 exf4 36. Qe8+ Kh7 37. Re7 Qxe7 38. Qxe7 f3 39. gxf3 Rd2+
40. Kh1 Bd4 41. Qxf7+ Kh8 42. d7 Bb6 43. Qf6+ Kh7 44. Qxb6 Rxd7 45. Qe3 Kg7 46.
Kg2 Kf7 47. Kg3 Re7 48. Qa3 Re6 49. h4 Kf6 50. Kf4 Rc6 51. Qf8+ Ke6 52. Kg5 Kd5
53. Qa8 b4 54. f4 Kc5 55. Qxc6+ Kxc6 56. Kxg6 Kc5 57. f5 Kc4 58. f6 b3 59.
axb3+ Kxb3 60. f7 1-0

[Event "CYCC U16"]
[Site "Hamilton CAN"]
[Date "2022.07.09"]
[Round "3.21"]
[White "Rusonik, Max"]
[Black "Zhang, Raymond Tangning"]
[Result "1-0"]
[WhiteElo "2291"]
[BlackElo "1682"]
[PlyCount "69"]
[EventDate "2022.07.08"]
[EventType "swiss"]
[EventRounds "7"]
[EventCountry "CAN"]

1. e4 e6 2. d4 d5 3. e5 c5 4. c3 Nc6 5. Nf3 Qb6 6. Bd3 Nge7 7. O-O Nf5 8. g4
Nh6 9. h3 cxd4 10. cxd4 Bd7 11. Be2 O-O-O 12. Nc3 f5 13. g5 Nf7 14. Na4 Qc7 15.
h4 Kb8 16. Be3 Be7 17. Rc1 g6 18. Ne1 h6 19. f4 hxg5 20. hxg5 Rh7 21. Bf3 Qa5
22. Nc5 Qxa2 23. Rf2 Qa5 24. Ned3 Bc8 25. b4 Qb5 26. Rb2 Rh3 27. Kg2 Rdh8 28.
Bg1 b6 29. Be2 Ncd8 30. Nf2 Qe8 31. Nxh3 bxc5 32. bxc5+ Ka8 33. Rcb1 Bb7 34.
Ba6 Qc6 35. Bxb7+ 1-0

[Event "CYCC U16"]
[Site "Hamilton CAN"]
[Date "2022.07.09"]
[Round "3.22"]
[White "Cowan, Ryan"]
[Black "Chen, Max"]
[Result "0-1"]
[WhiteElo "1494"]
[BlackElo "2299"]
[PlyCount "104"]
[EventDate "2022.07.08"]
[EventType "swiss"]
[EventRounds "7"]
[EventCountry "CAN"]

1. e4 c5 2. Nf3 d6 3. d4 cxd4 4. Nxd4 Nf6 5. Nc3 a6 6. a4 e5 7. Nb3 Be6 8. Bg5
Nbd7 9. Be2 Be7 10. O-O O-O 11. Be3 Qc7 12. Rc1 Nb6 13. Bxb6 Qxb6 14. Kh1 Rfd8
15. Nd5 Nxd5 16. exd5 Bd7 17. a5 Qb4 18. Qd2 Qh4 19. g3 Qe4+ 20. f3 Qg6 21. Bd3
Qh5 22. Be2 Rac8 23. Qd3 Bf5 24. Qd1 Qh6 25. Bd3 Bh3 26. Rf2 Bg5 27. Ra1 f5 28.
Nd2 Be3 29. Re2 e4 30. fxe4 Bg4 31. Qf1 Bxd2 32. Rf2 Be3 33. exf5 Bxf2 34. Qxf2
Re8 35. Rf1 Bh3 36. Re1 Qh5 37. Re6 Qd1+ 38. Qg1 Qf3+ 39. Qg2 Rxe6 40. Qxf3
Re1+ 41. Qf1 Bxf1 42. Bxf1 Rxc2 43. Kg1 g5 44. g4 h6 45. b4 Kf8 46. h3 Kg8 47.
b5 Kf8 48. b6 Kg8 49. h4 Kf8 50. h5 Kg8 51. f6 Kf7 52. Kh1 Rxf1# 0-1

[Event "CYCC U16"]
[Site "Hamilton CAN"]
[Date "2022.07.09"]
[Round "3.23"]
[White "Zhu, Matthew"]
[Black "Gaisinsky, Jacob"]
[Result "1-0"]
[WhiteElo "2018"]
[BlackElo "1568"]
[PlyCount "127"]
[EventDate "2022.07.08"]
[EventType "swiss"]
[EventRounds "7"]
[EventCountry "CAN"]

1. e4 e5 2. Nf3 Nc6 3. Bb5 a6 4. Ba4 Nf6 5. O-O b5 6. Bb3 Bc5 7. c3 d6 8. d4
Bb6 9. Be3 O-O 10. Nbd2 Bb7 11. Re1 Re8 12. d5 Ne7 13. Bxb6 cxb6 14. Bc2 Ng6
15. Bd3 Nf4 16. Bf1 Rc8 17. g3 Ng6 18. h3 Rc7 19. Bg2 Nd7 20. Nf1 Nc5 21. N3h2
Bc8 22. Ne3 Ne7 23. Qf3 Rf8 24. Qe2 f5 25. f3 f4 26. gxf4 Rxf4 27. Bf1 Ng6 28.
Ng2 Rf8 29. Qf2 Bxh3 30. Re3 Bxg2 31. Qxg2 Nf4 32. Qf2 Qg5+ 33. Kh1 Rf6 34. b4
Na4 35. Rc1 Rh6 36. c4 bxc4 37. Qg1 Qxg1+ 38. Kxg1 b5 39. Ra3 Rf7 40. Ng4 Rg6
41. Kh2 h5 42. Ne3 Nd3 43. Bxd3 cxd3 44. Nf5 d2 45. Rc8+ Kh7 46. Rd3 Rgf6 47.
Rxd2 g6 48. Nh4 Rf4 49. Kg3 g5 50. Nf5 h4+ 51. Kg2 Rf6 52. Rdc2 Rf7 53. Rd8 Nb6
54. Nxd6 Ra7 55. Rc6 Nc4 56. Nf5 Rxf5 57. exf5 Ne3+ 58. Kh3 Nxf5 59. d6 Rf7 60.
d7 Nh6 61. Rxh6+ Kxh6 62. Rh8+ Kg6 63. d8=Q Rxf3+ 64. Kg2 1-0

[Event "CYCC U16"]
[Site "Hamilton CAN"]
[Date "2022.07.09"]
[Round "3.24"]
[White "He, Matthew"]
[Black "Yang, Allen"]
[Result "1-0"]
[WhiteElo "1945"]
[BlackElo "1469"]
[PlyCount "61"]
[EventDate "2022.07.08"]
[EventType "swiss"]
[EventRounds "7"]
[EventCountry "CAN"]

1. d4 Nf6 2. c4 c5 3. d5 e5 4. Nc3 d6 5. e4 Be7 6. h3 h5 7. f4 exf4 8. Bxf4 O-O
9. Nf3 Re8 10. Bd3 Qc7 11. O-O Nfd7 12. e5 dxe5 13. Nb5 Qd8 14. Nxe5 Nxe5 15.
Bxe5 Bg5 16. Qxh5 f5 17. Rae1 Nc6 18. Bc7 Rxe1 19. Rxe1 Qf8 20. Re8 Be3+ 21.
Kh1 Bd7 22. Rxf8+ Rxf8 23. dxc6 Bxc6 24. Bxf5 Rf6 25. Bh7+ Kf8 26. Bd6+ Rxd6
27. Nxd6 Ke7 28. Qe5+ Kd7 29. Bf5+ Kc7 30. Nc8+ Kd8 31. Qe7# 1-0

[Event "CYCC U16"]
[Site "Hamilton CAN"]
[Date "2022.07.09"]
[Round "3.25"]
[White "Grosman, Zachary"]
[Black "Xu, Andrew"]
[Result "1/2-1/2"]
[WhiteElo "1338"]
[BlackElo "1939"]
[PlyCount "97"]
[EventDate "2022.07.08"]
[EventType "swiss"]
[EventRounds "7"]
[EventCountry "CAN"]

1. d4 Nf6 2. c4 g6 3. Nc3 d5 4. e3 Bg7 5. Nf3 O-O 6. Bd3 c5 7. dxc5 Nc6 8. Bd2
Bg4 9. Be2 e5 10. Qc2 Bf5 11. Qb3 d4 12. exd4 exd4 13. Nd5 Re8 14. Kf1 Qd7 15.
Nh4 Be4 16. Bf3 Rad8 17. Bg5 Na5 18. Qb4 Nc6 19. Qb3 Bxd5 20. cxd5 Ne5 21. d6
h6 22. Bxf6 Bxf6 23. g3 Bxh4 24. gxh4 Nxf3 25. Qxf3 Qb5+ 26. Kg2 Qxc5 27. Qxb7
Qxd6 28. Rhe1 a5 29. Qb5 Rxe1 30. Rxe1 Qd5+ 31. Qxd5 Rxd5 32. Rd1 f5 33. a3 Kf7
34. b4 axb4 35. axb4 Ke6 36. Kg3 Kd6 37. h5 g5 38. Rc1 Rb5 39. Rb1 Kd5 40. Kf3
Rb6 41. Ke2 Ke4 42. Rb3 f4 43. h3 Rb5 44. Kd2 f3 45. Kc2 Rb6 46. b5 Kd5 47. Kd3
Kc5 48. Rb2 Kd5 49. Rb3 1/2-1/2

[Event "CYCC U16"]
[Site "Hamilton CAN"]
[Date "2022.07.09"]
[Round "3.30"]
[White "Tuladhar, Jude"]
[Black "Zhang, William"]
[Result "1-0"]
[WhiteElo "1055"]
[BlackElo "678"]
[PlyCount "127"]
[EventDate "2022.07.08"]
[EventType "swiss"]
[EventRounds "7"]
[EventCountry "CAN"]

1. e4 d5 2. Nc3 d4 3. Nce2 e5 4. Nf3 Nc6 5. d3 Bg4 6. Ng3 Bb4+ 7. Bd2 Bxd2+ 8.
Qxd2 h6 9. Be2 Qe7 10. Nxd4 Nxd4 11. Bxg4 g6 12. c3 Nc6 13. d4 exd4 14. cxd4
Nf6 15. Bf3 O-O-O 16. O-O Nxd4 17. Qc3 Nxf3+ 18. gxf3 h5 19. Rfd1 h4 20. Ne2
Nh5 21. Qa5 Kb8 22. Rac1 b6 23. Qb5 Qf6 24. Rd7 Rxd7 25. Qxd7 Rc8 26. Rc3 Nf4
27. Nxf4 Qxf4 28. h3 f5 29. Qf7 Qg5+ 30. Kf1 c5 31. exf5 Rd8 32. Rc2 gxf5 33.
Qb3 f4 34. Rc4 Qf5 35. Ke2 Qd5 36. Rc3 Qe5+ 37. Kf1 Re8 38. Qf7 Re7 39. Qg8+
Kc7 40. Qg6 Qe2+ 41. Kg1 Qe5 42. Kf1 Qe6 43. Qxe6 Rxe6 44. Rc4 Rf6 45. Ke2 Kc6
46. b4 Rf5 47. a4 a6 48. Kd3 b5 49. axb5+ axb5 50. Re4 cxb4 51. Rxb4 Rd5+ 52.
Ke4 Kc5 53. Rxb5+ Kxb5 54. Kxd5 Kb4 55. Ke4 Kc3 56. Kxf4 Kd3 57. Kg5 Ke2 58. f4
Kxf2 59. Kxh4 Kg2 60. f5 Kh2 61. f6 Kh1 62. f7 Kh2 63. f8=Q Kh1 64. Kg3 1-0

[Event "CYCC U16"]
[Site "Hamilton CAN"]
[Date "2022.07.09"]
[Round "4.17"]
[White "Huang, Youhe"]
[Black "Xu, Daniel"]
[Result "0-1"]
[WhiteElo "2237"]
[BlackElo "2128"]
[PlyCount "36"]
[EventDate "2022.07.08"]
[EventType "swiss"]
[EventRounds "7"]
[EventCountry "CAN"]

1. e4 c5 2. Nf3 d6 3. d4 cxd4 4. Nxd4 Nf6 5. Nc3 a6 6. Qd3 e5 7. Nb3 Be7 8. Bg5
Be6 9. Bxf6 Bxf6 10. O-O-O Be7 11. Nd5 Bxd5 12. Qxd5 Qc7 13. Na5 Nc6 14. Nc4
O-O 15. Kb1 Bg5 16. h4 Bh6 17. Qxd6 Rad8 18. Qxf8+ Kxf8 0-1

[Event "CYCC U16"]
[Site "Hamilton CAN"]
[Date "2022.07.09"]
[Round "4.18"]
[White "Windram, James"]
[Black "Issani, Nameer"]
[Result "1-0"]
[WhiteElo "2149"]
[BlackElo "2252"]
[PlyCount "165"]
[EventDate "2022.07.08"]
[EventType "swiss"]
[EventRounds "7"]
[EventCountry "CAN"]

1. e4 e5 2. Nf3 Nc6 3. d4 exd4 4. Nxd4 Nf6 5. Nxc6 bxc6 6. e5 Qe7 7. Qe2 Nd5 8.
c4 Nb6 9. Nd2 d6 10. exd6 cxd6 11. b3 Be6 12. Bb2 d5 13. g3 dxc4 14. Bg2 Bd5
15. Qxe7+ Bxe7 16. Bxd5 cxd5 17. Bxg7 Rg8 18. Bc3 Rc8 19. bxc4 Nxc4 20. Nxc4
Rxc4 21. Bd2 Ra4 22. O-O Rg6 23. Rfd1 d4 24. Bf4 Bc5 25. Rd2 Bb6 26. Rad1 Re6
27. Kg2 Kd7 28. Rc2 Rc6 29. Rcd2 Rac4 30. Be5 Ke6 31. Bxd4 Ra4 32. Re2+ Kf5 33.
Bxb6 axb6 34. Rb1 f6 35. h3 h5 36. Rb3 Kg6 37. Kf3 Rd6 38. Reb2 Rc6 39. Ke2 Rd6
40. Rd3 Re6+ 41. Kd2 Rc4 42. Rdb3 Rd6+ 43. Ke3 Ra4 44. f4 Re6+ 45. Kf3 Rd6 46.
Rc3 Ra5 47. a3 Rad5 48. Re3 Rc6 49. Rb4 Rdc5 50. g4 hxg4+ 51. Kxg4 f5+ 52. Kh4
Rd5 53. Reb3 Rdd6 54. Ra4 Re6 55. Ra6 Rcd6 56. Rg3+ Kf6 57. Kh5 Kf7 58. Ra7+
Kf8 59. Ra8+ Kf7 60. Ra7+ Kf8 61. Rc3 Rh6+ 62. Kg5 Rdg6+ 63. Kxf5 Rf6+ 64. Ke5
Re6+ 65. Kd5 Rd6+ 66. Kc4 Rc6+ 67. Kb4 Rxc3 68. Kxc3 Rxh3+ 69. Kd4 Rh1 70. Ke5
Re1+ 71. Kf6 Ke8 72. f5 Rf1 73. Re7+ Kd8 74. Re3 Kd7 75. Kg6 Kc6 76. f6 Kd7 77.
Kf7 Rf2 78. Rd3+ Kc7 79. Ke7 Re2+ 80. Kf8 Rf2 81. f7 Rf1 82. Rg3 Kd7 83. Kg7
1-0

[Event "CYCC U16"]
[Site "Hamilton CAN"]
[Date "2022.07.09"]
[Round "4.19"]
[White "Batorshyn, Ilia"]
[Black "Joseph Benher, Savio"]
[Result "1-0"]
[WhiteElo "2063"]
[BlackElo "2207"]
[PlyCount "129"]
[EventDate "2022.07.08"]
[EventType "swiss"]
[EventRounds "7"]
[EventCountry "CAN"]

1. Nf3 Nf6 2. c4 e6 3. Nc3 d5 4. d4 Be7 5. Bg5 O-O 6. Qc2 a6 7. e3 Nbd7 8. cxd5
exd5 9. Bd3 c6 10. Rb1 Re8 11. O-O h6 12. Bh4 Ne4 13. Bxe7 Qxe7 14. Bxe4 dxe4
15. Nd2 Nf6 16. b4 Bf5 17. Nb3 Qd6 18. Ne2 Nd5 19. a3 h5 20. Ng3 Qg6 21. Nxf5
Qxf5 22. Rbe1 Qg6 23. Qd2 Re7 24. a4 h4 25. h3 Rae8 26. Na5 Qd6 27. Rb1 Nc7 28.
Nxb7 Qg6 29. Na5 Nd5 30. Rfc1 Re6 31. Nc4 f5 32. Ne5 Qh6 33. b5 axb5 34. axb5
cxb5 35. Qa2 Rd6 36. Rxb5 Qe6 37. Qa7 f4 38. Rb7 Qf6 39. Rb8 Rxb8 40. Qxb8+ Rd8
41. Rc8 Rxc8 42. Qxc8+ Kh7 43. Qb7 fxe3 44. fxe3 Qe6 45. Qb3 Qd6 46. Qc2 Nf6
47. Qf2 Qa3 48. Qxh4+ Kg8 49. Qg5 Qc1+ 50. Kh2 Qd2 51. Ng4 Nxg4+ 52. hxg4 Qd3
53. Qf4 Qb1 54. d5 Qd3 55. d6 Qd5 56. g5 Kh7 57. Kg3 Kg8 58. Kh4 Kh7 59. g3 Qe6
60. g4 Kg8 61. Kg3 Qe8 62. Qf5 Qc6 63. Qe6+ Kh7 64. g6+ Kh6 65. Qe5 1-0

[Event "CYCC U16"]
[Site "Hamilton CAN"]
[Date "2022.07.09"]
[Round "4.20"]
[White "Rusonik, Max"]
[Black "Wu, Benjamin"]
[Result "1-0"]
[WhiteElo "2291"]
[BlackElo "1870"]
[PlyCount "91"]
[EventDate "2022.07.08"]
[EventType "swiss"]
[EventRounds "7"]
[EventCountry "CAN"]

1. e4 c6 2. d4 d5 3. e5 Bf5 4. h4 h6 5. g4 Be4 6. f3 Bh7 7. e6 fxe6 8. Bd3 Bxd3
9. Qxd3 Nf6 10. f4 Kd7 11. Nf3 Qc7 12. g5 Ne4 13. Nc3 Nd6 14. g6 Nf5 15. h5 Kc8
16. Bd2 b6 17. O-O-O Kb7 18. Rde1 Qc8 19. Ne5 Rg8 20. Be3 Kc7 21. Bf2 Qa6 22.
Qh3 Qc8 23. Re2 Kb7 24. Rhe1 Nd6 25. Na4 Na6 26. Qb3 Ne4 27. a3 Rb8 28. Qd3 Rh8
29. Nf7 Rg8 30. Nc3 Nxc3 31. Qxc3 Nc7 32. Re5 Ra8 33. Kb1 Rb8 34. R1e2 Ra8 35.
Be1 Rb8 36. Bg3 Qe8 37. Qe1 Rc8 38. f5 a6 39. c3 Ka8 40. R5e3 Kb7 41. Bxc7 Rxc7
42. fxe6 Ka8 43. Rf2 a5 44. Qf1 Ka7 45. Ne5 Qa8 46. Ref3 1-0

[Event "CYCC U16"]
[Site "Hamilton CAN"]
[Date "2022.07.09"]
[Round "4.21"]
[White "Chen, Max"]
[Black "Zhu, Matthew"]
[Result "1-0"]
[WhiteElo "2299"]
[BlackElo "2018"]
[PlyCount "69"]
[EventDate "2022.07.08"]
[EventType "swiss"]
[EventRounds "7"]
[EventCountry "CAN"]

1. e4 c5 2. c3 Nf6 3. e5 Nd5 4. d4 cxd4 5. Nf3 Nc6 6. cxd4 d6 7. Bc4 Nb6 8. Bb5
dxe5 9. Nxe5 Bd7 10. Nxd7 Qxd7 11. Nc3 e6 12. O-O Rd8 13. Qh5 Be7 14. Rd1 O-O
15. Rd3 g6 16. Qh6 f6 17. Be3 a6 18. Bxc6 Qxc6 19. Qh3 Nd5 20. Re1 Rfe8 21. Bd2
Bf8 22. Qh4 Nxc3 23. Bxc3 Bg7 24. Rh3 h5 25. Qf4 Rd5 26. Rg3 Rf5 27. Qd2 Kf7
28. Bb4 Bf8 29. Bxf8 Rxf8 30. Rc1 Qd6 31. Qh6 Ke7 32. Rgc3 Rd8 33. Rc7+ Ke8 34.
Qxg6+ Kf8 35. Qf7# 1-0

[Event "CYCC U16"]
[Site "Hamilton CAN"]
[Date "2022.07.09"]
[Round "4.22"]
[White "Lu, Eddie"]
[Black "Bui, Alan"]
[Result "1/2-1/2"]
[WhiteElo "1739"]
[BlackElo "2097"]
[PlyCount "42"]
[EventDate "2022.07.08"]
[EventType "swiss"]
[EventRounds "7"]
[EventCountry "CAN"]

1. d4 Nf6 2. e3 d5 3. Nf3 c5 4. dxc5 e6 5. b4 a5 6. c3 b6 7. Bb5+ Bd7 8. a4
bxc5 9. bxc5 Bxc5 10. c4 O-O 11. O-O Qe7 12. Bb2 Rd8 13. Qe2 dxc4 14. Bxc4 Nc6
15. Nc3 Rac8 16. Rfd1 h6 17. h3 Be8 18. Rxd8 Rxd8 19. Rd1 Nb4 20. Bb5 Rb8 21.
Ne5 Nbd5 1/2-1/2

[Event "CYCC U16"]
[Site "Hamilton CAN"]
[Date "2022.07.09"]
[Round "4.23"]
[White "Zaka, Mohid"]
[Black "Liu, Henry"]
[Result "1/2-1/2"]
[WhiteElo "1749"]
[BlackElo "2051"]
[PlyCount "90"]
[EventDate "2022.07.08"]
[EventType "swiss"]
[EventRounds "7"]
[EventCountry "CAN"]

1. d4 d5 2. e3 Nf6 3. Bd3 c6 4. Nd2 g6 5. f4 Bg7 6. Ngf3 O-O 7. O-O Nbd7 8. Ne5
c5 9. c3 Qc7 10. a4 b6 11. a5 Bb7 12. Qa4 Nxe5 13. fxe5 Ne4 14. a6 Bc6 15. Bb5
Bxb5 16. Qxb5 Nxd2 17. Bxd2 f6 18. exf6 Rxf6 19. Rxf6 Bxf6 20. Rf1 Kg7 21. Be1
Bg5 22. Rf3 Rc8 23. Bg3 Qc6 24. Qf1 Bf6 25. Qa1 b5 26. Kf2 Qb6 27. dxc5 Rxc5
28. Qa3 Rc6 29. Be5 Re6 30. Bxf6+ exf6 31. Qb3 Re5 32. Qa3 Re4 33. Qa2 Rc4 34.
Qa3 b4 35. Qa4 Qc6 36. Qxc6 Rxc6 37. cxb4 Rxa6 38. Ke1 Ra2 39. Rf2 Kf7 40. Kd1
Ra4 41. Rf4 a5 42. bxa5 Rxa5 43. Rb4 Ke6 44. Ke2 Ke5 45. Rb6 f5 1/2-1/2